[Event "Rochefort op-B 19th"]
[Site "Rochefort"]
[Date "2020.02.22"]
[Round "4"]
[White "Bustos Salinas, Thomas"]
[Black "Maruejols, Claude"]
[Result "0-1"]
[WhiteElo "1720"]
[BlackElo "1832"]
[PlyCount "115"]
[EventDate "2020.02.22"]
[EventType "swiss"]
[EventRounds "9"]
[EventCountry "FRA"]
[SourceTitle "CBM 195 Extra"]
[Source "ChessBase"]
[SourceDate "2020.05.31"]
[SourceVersion "1"]
[SourceVersionDate "2020.05.31"]
[SourceQuality "1"]

1. d4 Nf6 2. c4 c5 3. d5 d6 4. Nc3 g6 5. e4 Bg7 6. f4 0-0 7. Nf3 Bg4 8. h3 Bxf3 9. Qxf3 Nbd7 10. Bd3 e6 11. 0-0 exd5 12. cxd5 a6 13. a4 Qc7 14. Bd2 Rab8 15. Rac1 c4 16. Ne2 b5 17. axb5 axb5 18. b3 Qa7+ 19. Be3 Qa3 20. Bb1 Qxb3 21. Nd4 Qa4 22. Nc6 Rbe8 23. Bd4 Nb8 24. e5 Nfd7 25. e6 fxe6 26. Bxg7 Kxg7 27. Nxb8 Qa7+ 28. Kh1 Qxb8 29. dxe6 Rxe6 30. Rce1 Rfe8 31. Rxe6 Rxe6 32. f5 Rf6 33. g4 Ne5 34. Qd5 g5 35. Be4 Qe8 36. Re1 Nd3 37. Re3 Nf2+ 38. Kg1 Nxe4 39. Rxe4 Qd7 40. Qd2 h6 41. Qb2 Qc6 42. Re6 Qc5+ 43. Kh2 c3 44. Re7+ Rf7 45. Qe2 Qc4 46. Qxc4 bxc4 47. Re3 Rb7 48. Rxc3 Rb2+ 49. Kg1 d5 50. Rc1 Kf6 51. Kf1 Rb3 52. Ke2 Rxh3 53. Rd1 Rg3 54. Rxd5 Rxg4 55. Rd6+ Kg7 56. Rd7+ Kf6 57. Rd6+ Kxf5 58. Rxh6 0-1

[Event "Rochefort op-B 19th"]
[Site "Rochefort"]
[Date "2020.02.22"]
[Round "5"]
[White "Maruejols, Claude"]
[Black "Rocq, Christian"]
[Result "1-0"]
[WhiteElo "1832"]
[BlackElo "1739"]
[PlyCount "45"]
[EventDate "2020.02.22"]
[EventType "swiss"]
[EventRounds "9"]
[EventCountry "FRA"]
[SourceTitle "CBM 195 Extra"]
[Source "ChessBase"]
[SourceDate "2020.05.31"]
[SourceVersion "1"]
[SourceVersionDate "2020.05.31"]
[SourceQuality "1"]

1. d4 Nf6 2. c4 g6 3. Nc3 Bg7 4. e4 d6 5. Nf3 0-0 6. h3 e5 7. d5 Nh5 8. Be3 f5 9. exf5 gxf5 10. Be2 f4 11. Bd2 Qe8 12. Ng5 Nf6 13. Bd3 Na6 14. Nce4 Nxe4 15. Nxe4 Bf5 16. Qc2 Qg6 17. 0-0-0 c6 18. g4 fxg3 19. Rdg1 cxd5 20. Rxg3 Qe6 21. Rhg1 Bg6 22. Ng5 Qe8 23. Nxh7 1-0

[Event "Sables d'Olonne op 6th"]
[Site "Sables d'Olonne"]
[Date "2019.07.15"]
[Round "4"]
[White "Maruejols, Claude"]
[Black "Wlodarczyk, Cyril"]
[Result "0-1"]
[WhiteElo "1861"]
[BlackElo "2098"]
[PlyCount "84"]
[EventDate "2019.07.13"]
[EventType "swiss"]
[EventRounds "9"]
[EventCountry "FRA"]
[SourceTitle "EXT 2020"]
[Source "ChessBase"]
[SourceDate "2019.10.17"]
[SourceVersion "1"]
[SourceVersionDate "2019.10.17"]
[SourceQuality "1"]

1. d4 Nf6 2. c4 e6 3. Nc3 Bb4 4. f3 d5 5. a3 Bxc3+ 6. bxc3 c5 7. cxd5 Nxd5 8. dxc5 Qa5 9. e4 Nf6 10. Qb3 Qxc5 11. Qb5+ Nbd7 12. Qxc5 Nxc5 13. Be3 Nfd7 14. Nh3 b6 15. a4 Bb7 16. Nf4 Rc8 17. Ra3 0-0 18. a5 Bc6 19. axb6 axb6 20. Be2 Ra8 21. Rxa8 Rxa8 22. 0-0 Ra3 23. Bxc5 bxc5 24. Rc1 g6 25. Kf1 Nb6 26. Nd3 Nd7 27. Ke1 Kg7 28. Nb2 f5 29. exf5 gxf5 30. g3 Ra2 31. Nd3 Kf6 32. f4 Be4 33. Nf2 e5 34. Rd1 Ke7 35. Bb5 Nf8 36. fxe5 Rb2 37. Nxe4 fxe4 38. Be2 Rc2 39. c4 Ne6 40. Rd5 Nd4 41. Bf1 e3 42. Kd1 Ra2 0-1

[Event "Rochefort op-B 18th"]
[Site "Rochefort"]
[Date "2019.02.21"]
[Round "8"]
[White "Maruejols, Claude"]
[Black "Babaud, Antoine"]
[Result "0-1"]
[WhiteElo "1857"]
[BlackElo "1548"]
[PlyCount "48"]
[EventDate "2019.02.16"]
[EventType "swiss"]
[EventRounds "9"]
[EventCountry "FRA"]
[SourceTitle "CBM 189 Extra"]
[Source "ChessBase"]
[SourceDate "2019.06.03"]
[SourceVersion "1"]
[SourceVersionDate "2019.06.03"]
[SourceQuality "1"]

1. d4 d5 2. c4 e6 3. Nc3 Nf6 4. Bg5 Be7 5. e3 0-0 6. Nf3 c6 7. Rc1 b6 8. Bd3 Nbd7 9. 0-0 Bb7 10. Qe2 c5 11. cxd5 Nxd5 12. Bxe7 Qxe7 13. Rfd1 cxd4 14. Nxd4 Nc5 15. Bb1 Rfd8 16. Nxd5 Bxd5 17. e4 Bb7 18. e5 Qg5 19. f3 Rxd4 20. Rxd4 Qxc1+ 21. Rd1 Qf4 22. Kf2 g6 23. g3 Qb4 24. h4 Ba6 0-1

[Event "Rochefort op-B 18th"]
[Site "Rochefort"]
[Date "2019.02.18"]
[Round "4"]
[White "Diez, Ambre"]
[Black "Maruejols, Claude"]
[Result "1-0"]
[WhiteElo "1743"]
[BlackElo "1857"]
[PlyCount "69"]
[EventDate "2019.02.16"]
[EventType "swiss"]
[EventRounds "9"]
[EventCountry "FRA"]
[SourceTitle "CBM 189 Extra"]
[Source "ChessBase"]
[SourceDate "2019.06.03"]
[SourceVersion "1"]
[SourceVersionDate "2019.06.03"]
[SourceQuality "1"]

1. Nf3 Nf6 2. g3 g6 3. Bg2 Bg7 4. 0-0 d5 5. d4 0-0 6. c3 c5 7. dxc5 Nbd7 8. b4 a5 9. Bb2 Qc7 10. Nbd2 b6 11. cxb6 Nxb6 12. Rc1 Ba6 13. a3 Rfd8 14. Re1 Bb5 15. Qc2 Ba4 16. Qb1 Bh6 17. e3 Rac8 18. Nd4 e5 19. N4b3 Bxb3 20. Nxb3 Nc4 21. Qc2 Bf8 22. Bf1 axb4 23. cxb4 Qe7 24. Bxc4 Rxc4 25. Qe2 Qe6 26. Na5 Rcc8 27. Kg2 Ne4 28. h4 Bh6 29. f3 Nf6 30. Nb7 Re8 31. Nc5 Qd6 32. g4 Bg7 33. Nb7 Qe6 34. Rxc8 Qxc8 35. Nd6 1-0

[Event "Hourtin Vins du Medoc op 2nd"]
[Site "Hourtin"]
[Date "2016.07.08"]
[Round "8"]
[White "Lagunes, Robin"]
[Black "Maruejols, Claude"]
[Result "0-1"]
[WhiteElo "1814"]
[BlackElo "1971"]
[PlyCount "120"]
[EventDate "2016.07.02"]
[EventType "swiss"]
[EventRounds "9"]
[EventCountry "FRA"]
[SourceTitle "EXT 2019"]
[Source "ChessBase"]
[SourceDate "2018.10.10"]
[SourceVersion "1"]
[SourceVersionDate "2018.10.10"]
[SourceQuality "1"]

1. e4 c5 2. Nf3 d6 3. d4 cxd4 4. Nxd4 Nf6 5. f3 Nc6 6. c4 e6 7. Be3 Be7 8. Nc3 0-0 9. Be2 d5 10. cxd5 exd5 11. exd5 Nb4 12. 0-0 Nfxd5 13. Nxd5 Nxd5 14. Bf2 Bg5 15. Qb3 Nf4 16. Bc4 Qf6 17. Rad1 a6 18. Rfe1 b5 19. Bf1 Bd7 20. Re4 Rfe8 21. Rde1 Rxe4 22. Rxe4 Rc8 23. Be3 Ne6 24. Nxe6 Bxe3+ 25. Qxe3 Bxe6 26. a4 g6 27. axb5 axb5 28. Qd4 Qxd4+ 29. Rxd4 Rc1 30. Rd2 Bc4 31. Rf2 Kg7 32. g3 Rb1 33. Kg2 Bxf1+ 34. Rxf1 Rxb2+ 35. Kh3 b4 36. Rc1 b3 37. Rc6 Rf2 38. f4 b2 39. Rb6 h5 40. Rb7 Kf6 41. Rb5 Ke7 42. Rb6 f6 43. g4 hxg4+ 44. Kxg4 Rxh2 45. f5 g5 46. Kg3 Rc2 47. Kg4 Kd7 48. Kh5 Kc7 49. Rb3 Kd6 50. Kg6 g4 51. Kxf6 g3 52. Rd3+ Kc5 53. Rxg3 b1Q 54. Kg7 Qb7+ 55. Kg6 Qc6+ 56. f6 Qe4+ 57. Kg7 Qe5 58. Rg6 Rf2 59. Kf7 Kd6 60. Rh6 Qe7+ 0-1

[Event "Hourtin Vins du Medoc op 2nd"]
[Site "Hourtin"]
[Date "2016.07.05"]
[Round "5"]
[White "Neatherway, A Philip"]
[Black "Maruejols, Claude"]
[Result "1-0"]
[WhiteElo "1815"]
[BlackElo "1971"]
[PlyCount "57"]
[EventDate "2016.07.02"]
[EventType "swiss"]
[EventRounds "9"]
[EventCountry "FRA"]
[SourceTitle "EXT 2019"]
[Source "ChessBase"]
[SourceDate "2018.10.10"]
[SourceVersion "1"]
[SourceVersionDate "2018.10.10"]
[SourceQuality "1"]

1. e4 c5 2. Nf3 d6 3. d3 Nc6 4. g3 g6 5. Bg2 Bg7 6. 0-0 e6 7. Re1 Nge7 8. c3 0-0 9. Nbd2 Rb8 10. a4 a6 11. Nf1 b5 12. axb5 axb5 13. Be3 Bb7 14. d4 cxd4 15. cxd4 Qd7 16. N1d2 Rfc8 17. Qb3 Ba8 18. d5 exd5 19. exd5 Nd8 20. Nd4 h5 21. Ra5 Nf5 22. Nxf5 Qxf5 23. Rxb5 Nb7 24. Nc4 Nc5 25. Bxc5 Rxb5 26. Qxb5 Rxc5 27. Qe8+ Bf8 28. Nxd6 Qf6 29. Ne4 1-0

[Event "Hourtin Vins du Medoc op 2nd"]
[Site "Hourtin"]
[Date "2016.07.04"]
[Round "4"]
[White "Maruejols, Claude"]
[Black "Wohl, Aleksandar H"]
[Result "0-1"]
[WhiteElo "1971"]
[BlackElo "2354"]
[PlyCount "36"]
[EventDate "2016.07.02"]
[EventType "swiss"]
[EventRounds "9"]
[EventCountry "FRA"]
[SourceTitle "EXT 2019"]
[Source "ChessBase"]
[SourceDate "2018.10.10"]
[SourceVersion "1"]
[SourceVersionDate "2018.10.10"]
[SourceQuality "1"]

1. d4 g6 2. c4 Bg7 3. e4 d6 4. Nc3 e5 5. Be3 exd4 6. Bxd4 Nf6 7. Bd3 Nc6 8. Be3 Ng4 9. Bd2 Bd4 10. Nh3 Nge5 11. Be2 Bxh3 12. gxh3 Qh4 13. Rf1 0-0 14. Qc2 Nb4 15. Qb1 f5 16. a3 Nbc6 17. Qc2 Bb6 18. 0-0-0 Nd4 0-1

[Event "Hourtin Vins du Medoc op 2nd"]
[Site "Hourtin"]
[Date "2016.07.03"]
[Round "2"]
[White "Vandomel, Fabrice"]
[Black "Maruejols, Claude"]
[Result "1/2-1/2"]
[WhiteElo "1701"]
[BlackElo "1971"]
[PlyCount "70"]
[EventDate "2016.07.02"]
[EventType "swiss"]
[EventRounds "9"]
[EventCountry "FRA"]
[SourceTitle "EXT 2019"]
[Source "ChessBase"]
[SourceDate "2018.10.10"]
[SourceVersion "1"]
[SourceVersionDate "2018.10.10"]
[SourceQuality "1"]

1. e4 c5 2. c3 Nf6 3. e5 Nd5 4. d4 cxd4 5. Nf3 Nc6 6. cxd4 d6 7. Bc4 dxe5 8. dxe5 Ndb4 9. Qxd8+ Nxd8 10. Na3 Be6 11. Bb5+ Ndc6 12. Bd2 0-0-0 13. 0-0 g6 14. Bc3 h6 15. Bc4 Bg7 16. Bxe6+ fxe6 17. Nb5 Rd5 18. Nxa7+ Nxa7 19. Bxb4 Nc6 20. Rac1 Kd7 21. Bc3 Nxe5 22. Nxe5+ Bxe5 23. Bxe5 Rxe5 24. Rc2 Rc8 25. Rxc8 Kxc8 26. Rc1+ Kd7 27. Kf1 g5 28. Rc4 b5 29. Rb4 Kc6 30. h4 Rc5 31. hxg5 hxg5 32. Ke2 Rc2+ 33. Kf3 Kc5 34. a3 Rc4 35. Rb3 e5 1/2-1/2

[Event "Lille Luce op 7th"]
[Site "Lille"]
[Date "2016.04.12"]
[Round "5"]
[White "Maruejols, Claude"]
[Black "Schoppen, Casper"]
[Result "0-1"]
[WhiteElo "1924"]
[BlackElo "2309"]
[PlyCount "74"]
[EventDate "2016.04.09"]
[EventType "swiss"]
[EventRounds "7"]
[EventCountry "FRA"]
[SourceTitle "CBM 171 Extra"]
[Source "ChessBase"]
[SourceDate "2016.04.26"]
[SourceVersion "1"]
[SourceVersionDate "2016.04.26"]
[SourceQuality "1"]

1. d4 Nf6 2. c4 g6 3. Nc3 Bg7 4. e4 d6 5. Nf3 0-0 6. Be2 e5 7. 0-0 Nc6 8. d5 Ne7 9. Ne1 Nd7 10. Nd3 f5 11. Bd2 f4 12. f3 g5 13. Qc2 Ng6 14. Rfc1 Rf7 15. b4 Nf6 16. h3 h5 17. Nf2 Bf8 18. a4 Rg7 19. Be1 Nh8 20. Qd1 Nf7 21. Ra2 Nh6 22. Qb3 g4 23. hxg4 hxg4 24. fxg4 Nfxg4 25. Ncd1 Be7 26. Nxg4 Nxg4 27. Bxg4 Rxg4 28. Rc3 Qe8 29. Nf2 Rg7 30. Nh3 Qg6 31. Kf1 Qxe4 32. Qc2 Qxc2 33. Raxc2 Bf5 34. Rd2 Rf8 35. Bf2 Be4 36. Bxa7 Ra8 37. Bg1 Rxa4 0-1

[Event "Lille Luce op 7th"]
[Site "Lille"]
[Date "2016.04.11"]
[Round "4"]
[White "Goormachtigh, Johan"]
[Black "Maruejols, Claude"]
[Result "1/2-1/2"]
[WhiteElo "2191"]
[BlackElo "1924"]
[PlyCount "57"]
[EventDate "2016.04.09"]
[EventType "swiss"]
[EventRounds "7"]
[EventCountry "FRA"]
[SourceTitle "CBM 171 Extra"]
[Source "ChessBase"]
[SourceDate "2016.04.26"]
[SourceVersion "1"]
[SourceVersionDate "2016.04.26"]
[SourceQuality "1"]

1. d4 Nf6 2. c4 g6 3. Nc3 d5 4. Bf4 Bg7 5. e3 c5 6. dxc5 Qa5 7. Rc1 Ne4 8. cxd5 Nxc3 9. Qd2 Qxa2 10. bxc3 Qa5 11. Nf3 Nd7 12. Bc4 Nxc5 13. Nd4 Bd7 14. 0-0 0-0 15. Rfd1 Rfe8 16. Nb3 Nxb3 17. Bxb3 b5 18. c4 Qxd2 19. Rxd2 bxc4 20. Rxc4 Rec8 21. Rdc2 a5 22. Rxc8+ Rxc8 23. Rxc8+ Bxc8 24. Ba4 f5 25. Bc7 Bc3 26. f3 Ba6 27. Kf2 Bd3 28. h4 Kg7 29. Kg3 1/2-1/2

[Event "Naujac op 17th"]
[Site "Naujac"]
[Date "2014.07.02"]
[Round "4"]
[White "Maruejols, Claude"]
[Black "Surewaard, Wilbert"]
[Result "0-1"]
[WhiteElo "1945"]
[BlackElo "2116"]
[PlyCount "82"]
[EventDate "2014.06.29"]
[EventType "swiss"]
[EventRounds "9"]
[EventCountry "FRA"]
[SourceTitle "CBM 161 Extra"]
[Source "ChessBase"]
[SourceDate "2014.08.29"]
[SourceVersion "1"]
[SourceVersionDate "2014.08.29"]
[SourceQuality "1"]

1. d4 Nf6 2. c4 e5 3. dxe5 Ng4 4. Bf4 Nc6 5. Nf3 Bb4+ 6. Nc3 Qe7 7. Qd5 Bxc3+ 8. bxc3 f6 9. exf6 Nxf6 10. Qd3 d6 11. g3 0-0 12. Bg2 Bg4 13. 0-0 Rae8 14. Rae1 Kh8 15. e4 Nd7 16. Bg5 Rxf3 17. Bxf3 Qxg5 18. Bxg4 Qxg4 19. f4 Qe6 20. Rf2 Nc5 21. Qd5 Na5 22. Rfe2 Nxc4 23. Kg2 Nb6 24. Qh5 Nbd7 25. Qf3 Qc4 26. Rb1 a5 27. Rd1 Qe6 28. Rde1 Rf8 29. h4 a4 30. Rd1 Re8 31. Rde1 Rf8 32. g4 Ne5 33. Qg3 Ned3 34. Rf1 Qc4 35. Re3 Qxa2+ 36. Kh3 Qc4 37. Rff3 a3 38. Rxd3 Nxd3 39. Rxd3 a2 40. Rd1 Qxe4 41. f5 Ra8 0-1

[Event "Plancoet op-A 10th"]
[Site "Plancoet"]
[Date "2013.07.30"]
[Round "3"]
[White "Roser, Kevin"]
[Black "Maruejols, Claude"]
[Result "1-0"]
[WhiteElo "2395"]
[BlackElo "2005"]
[PlyCount "31"]
[EventDate "2013.07.28"]
[EventType "swiss"]
[EventRounds "9"]
[EventCountry "FRA"]
[SourceTitle "EXT 2017"]
[Source "ChessBase"]
[SourceDate "2016.10.25"]
[SourceVersion "1"]
[SourceVersionDate "2016.10.25"]
[SourceQuality "1"]

1. e4 c5 2. Nf3 d6 3. d4 cxd4 4. Nxd4 Nf6 5. Nc3 a6 6. Qf3 g6 7. h3 Bg7 8. Be3 Nbd7 9. g4 Nc5 10. 0-0-0 Qc7 11. Bg2 e6 12. Qe2 Rb8 13. f4 b5 14. e5 dxe5 15. Nc6 b4 16. Rd8+ 1-0

[Event "Cappelle op 29th"]
[Site "Cappelle la Grande"]
[Date "2013.02.25"]
[Round "4"]
[White "Maruejols, Claude"]
[Black "Andrenko, Irina"]
[Result "0-1"]
[WhiteElo "1972"]
[BlackElo "2228"]
[PlyCount "66"]
[EventDate "2013.02.23"]
[EventType "swiss"]
[EventRounds "9"]
[EventCountry "FRA"]
[SourceTitle "CBM 153 Extra"]
[Source "ChessBase"]
[SourceDate "2013.04.22"]
[SourceVersion "1"]
[SourceVersionDate "2013.04.22"]
[SourceQuality "1"]

1. d4 Nf6 2. c4 g6 3. Nc3 Bg7 4. e4 d6 5. Nf3 0-0 6. Be2 e5 7. 0-0 Nc6 8. d5 Ne7 9. Ne1 Nd7 10. Nd3 f5 11. Bd2 fxe4 12. Nxe4 Nf5 13. f3 Nf6 14. Ndf2 Nd4 15. Nxf6+ Qxf6 16. Bd3 Bf5 17. Be4 c5 18. dxc6 bxc6 19. Be3 Bxe4 20. Nxe4 Qe6 21. Rc1 Nf5 22. Bf2 Bh6 23. Rc3 d5 24. cxd5 cxd5 25. Nc5 Qf7 26. g4 d4 27. Rb3 Ne3 28. Bxe3 Bxe3+ 29. Kg2 Rac8 30. Ne4 Rc6 31. Ra3 Rb8 32. Qb1 Rbc8 33. b4 Rc2+ 0-1

[Event "Marseille op 5th"]
[Site "Marseille"]
[Date "2012.12.27"]
[Round "5"]
[White "Maruejols, Claude"]
[Black "Valles, Manuel"]
[Result "1-0"]
[WhiteElo "1963"]
[BlackElo "2282"]
[PlyCount "103"]
[EventDate "2012.12.26"]
[EventType "swiss"]
[EventRounds "9"]
[EventCountry "FRA"]
[SourceTitle "EXT 2014"]
[Source "ChessBase"]
[SourceDate "2013.11.20"]
[SourceVersion "1"]
[SourceVersionDate "2013.11.20"]
[SourceQuality "1"]

1. d4 Nf6 2. c4 g6 3. Nc3 Bg7 4. e4 d6 5. Nf3 0-0 6. Be2 c5 7. d5 e6 8. h3 Re8 9. 0-0 exd5 10. exd5 Bf5 11. Bd3 Ne4 12. Nxe4 Bxe4 13. Bxe4 Rxe4 14. Qc2 Re8 15. Bf4 Na6 16. Rae1 Qd7 17. b3 Nc7 18. a4 f5 19. Qd2 b6 20. h4 Rxe1 21. Rxe1 Re8 22. Ng5 h6 23. Rxe8+ Nxe8 24. Ne6 h5 25. Qe3 Bf6 26. Qg3 Kf7 27. Qxg6+ Kxg6 28. Nf8+ Kf7 29. Nxd7 Bxh4 30. Nb8 Kg6 31. a5 bxa5 32. Bd2 Bd8 33. Nc6 Bb6 34. Kf1 Nf6 35. Ne7+ Kf7 36. Nxf5 Bc7 37. f3 Nd7 38. Bf4 a4 39. bxa4 Nb6 40. Bxd6 Bxd6 41. Nxd6+ Kf6 42. a5 Nd7 43. f4 Nf8 44. g3 h4 45. gxh4 Ng6 46. Ne4+ Ke7 47. h5 Nxf4 48. h6 Kf7 49. Nxc5 Ng6 50. Nd3 Ne7 51. Ne5+ Kf6 52. Nc6 1-0

[Event "Marseille op 5th"]
[Site "Marseille"]
[Date "2012.12.26"]
[Round "4"]
[White "Joubert, Leo"]
[Black "Maruejols, Claude"]
[Result "0-1"]
[WhiteElo "1734"]
[BlackElo "1963"]
[PlyCount "55"]
[EventDate "2012.12.26"]
[EventType "swiss"]
[EventRounds "9"]
[EventCountry "FRA"]
[SourceTitle "EXT 2014"]
[Source "ChessBase"]
[SourceDate "2013.11.20"]
[SourceVersion "1"]
[SourceVersionDate "2013.11.20"]
[SourceQuality "1"]

1. c4 e5 2. Nc3 Nc6 3. g3 g6 4. Bg2 Bg7 5. d3 f5 6. Nf3 Nf6 7. 0-0 0-0 8. Bd2 h6 9. Rb1 d6 10. b4 Ne7 11. Qc2 g5 12. h3 Be6 13. Nh2 f4 14. g4 c6 15. Ne4 Nxe4 16. dxe4 h5 17. Bf3 h4 18. Rfd1 Qc7 19. Bc1 Rfd8 20. Rb3 b5 21. Rc3 bxc4 22. Rxc4 Bxc4 23. Qxc4+ Kf8 24. Qe6 Qd7 25. Qc4 Rac8 26. Ba3 Qe8 27. Qe6 Qf7 28. Rxd6 0-1

[Event "Avignon-A 4th"]
[Site "Avignon"]
[Date "2012.11.07"]
[Round "5"]
[White "Courbi, Stephane"]
[Black "Maruejols, Claude"]
[Result "1/2-1/2"]
[WhiteElo "2041"]
[BlackElo "1989"]
[PlyCount "236"]
[EventDate "2012.11.04"]
[EventType "tourn"]
[EventRounds "7"]
[EventCountry "FRA"]
[SourceTitle "EXT 2014"]
[Source "ChessBase"]
[SourceDate "2013.11.20"]
[SourceVersion "1"]
[SourceVersionDate "2013.11.20"]
[SourceQuality "1"]

1. e4 c5 2. Nf3 d6 3. d4 cxd4 4. Nxd4 Nf6 5. Nc3 a6 6. Be3 e5 7. Nf3 Be7 8. Bc4 0-0 9. 0-0 Nc6 10. Bg5 Be6 11. Bb3 Qd7 12. Bxf6 Bxf6 13. Nd5 Bd8 14. c3 Rc8 15. Qd3 Na5 16. Bc2 f5 17. Ne3 f4 18. Nd5 g5 19. b4 Nc6 20. Rfd1 g4 21. Ne1 Ne7 22. Bb3 Kh8 23. Rac1 Bxd5 24. Bxd5 Rf6 25. c4 Bb6 26. c5 dxc5 27. Qc3 Qc7 28. bxc5 Bxc5 29. Qb2 Nxd5 30. exd5 Qd7 31. Qxe5 Qd6 32. Qb2 g3 33. Nd3 gxf2+ 34. Kf1 b6 35. Ne5 Kg7 36. Ng4 Ba3 37. Qxf6+ Qxf6 38. Nxf6 Rxc1 39. Rxc1 Bxc1 40. Ne8+ Kf8 41. Nc7 a5 42. Kxf2 Ke7 43. Nb5 Kf6 44. Kf3 Ke5 45. d6 Ke6 46. Ke4 a4 47. h3 Be3 48. Nc3 Kxd6 49. Nxa4 b5 50. Nc3 b4 51. Nd5 Bd2 52. Nxf4 Kc5 53. Nd5 Kb5 54. Kd3 Bc1 55. g4 Bg5 56. Nc7+ Ka4 57. Kc4 Ka3 58. Nd5 Kxa2 59. Nxb4+ Kb2 60. Kd4 Kb3 61. Nd5 Kc2 62. Ke4 Kd2 63. Kf5 h6 64. Nf4 Ke3 65. Ne6 Be7 66. Kg6 Kf3 67. Kxh6 Kg3 68. Ng5 Kh4 69. Nf7 Kxh3 70. Kh5 Kg3 71. Nh6 Kf4 72. Nf5 Bd8 73. Ng7 Ke5 74. Kg6 Kf4 75. Kh5 Ke5 76. Ne8 Ke6 77. Kg6 Bh4 78. Ng7+ Ke5 79. Nf5 Kf4 80. Kh5 Bd8 81. Nd4 Be7 82. Nc6 Bf6 83. Nb4 Bd8 84. Nd5+ Ke5 85. Ne3 Kf4 86. Ng2+ Kg3 87. Ne1 Be7 88. Nd3 Bd8 89. Nc5 Be7 90. Nd3 Bd8 91. Ne5 Kf4 92. Nf7 Be7 93. Nh6 Bd8 94. Nf5 Bf6 95. Nh4 Bd8 96. Ng2+ Kg3 97. Ne1 Be7 98. Nd3 Bd8 99. Ne5 Bf6 100. Nf7 Kf4 101. Nh6 Bd8 102. Nf7 Bf6 103. Nd6 Be7 104. Ne8 Bd8 105. Ng7 Be7 106. Ne6+ Ke5 107. Nc7 Bd8 108. Nb5 Kf4 109. Nc3 Ke5 110. Ne2 Be7 111. Kg6 Bh4 112. Nc3 Kf4 113. Kh5 Bd8 114. Nd5+ Ke5 115. Ne3 Kf4 116. Ng2+ Kg3 117. g5 Bxg5 118. Kxg5 Kxg2 1/2-1/2

[Event "Naujac op 15th"]
[Site "Naujac"]
[Date "2012.06.27"]
[Round "5"]
[White "Maruejols, Claude"]
[Black "Kirk, Ezra"]
[Result "0-1"]
[WhiteElo "1909"]
[BlackElo "2225"]
[PlyCount "88"]
[EventDate "2012.06.24"]
[EventType "swiss"]
[EventRounds "9"]
[EventCountry "FRA"]
[SourceTitle "CBM 149 Extra"]
[Source "ChessBase"]
[SourceDate "2012.08.24"]
[SourceVersion "1"]
[SourceVersionDate "2012.08.24"]
[SourceQuality "1"]

1. d4 Nf6 2. c4 g6 3. Nc3 Bg7 4. e4 d6 5. Nf3 0-0 6. Be2 Na6 7. 0-0 e5 8. Be3 c6 9. Rb1 exd4 10. Nxd4 Re8 11. f3 d5 12. cxd5 cxd5 13. Bxa6 bxa6 14. e5 Nd7 15. f4 Nb6 16. Qf3 Bb7 17. Rbd1 Qe7 18. Rfe1 Rac8 19. Bf2 Qb4 20. Re2 Ba8 21. Be1 Qe7 22. g4 Qd7 23. Bg3 Bf8 24. Bh4 Na4 25. Nxa4 Qxa4 26. b3 Qb4 27. Be1 Qa3 28. Qe3 Bc5 29. Bf2 Bc6 30. Qd2 Bd7 31. h3 Bb4 32. Qd3 Rc3 33. Qb1 Rxh3 34. f5 Bc5 35. Kg2 Rc3 36. Be1 Bxd4 37. Rxd4 Rc1 38. Qd3 Bb5 39. Qd2 Bxe2 40. Qxe2 Qc5 41. Bf2 Rc2 42. Rd2 Rxd2 43. Qxd2 d4 44. Bg3 Qd5+ 0-1

[Event "Marseille op 4th"]
[Site "Marseille"]
[Date "2011.12.26"]
[Round "2"]
[White "Esposito, Julie"]
[Black "Maruejols, Claude"]
[Result "1-0"]
[WhiteElo "1774"]
[BlackElo "2039"]
[PlyCount "43"]
[EventDate "2011.12.26"]
[EventType "swiss"]
[EventRounds "9"]
[EventCountry "FRA"]
[SourceTitle "CBM 146 Extra"]
[Source "ChessBase"]
[SourceDate "2012.02.29"]
[SourceVersion "1"]
[SourceVersionDate "2012.02.29"]
[SourceQuality "1"]

1. d4 Nf6 2. c4 g6 3. Nc3 d5 4. cxd5 Nxd5 5. e4 Nxc3 6. bxc3 Bg7 7. Bc4 c5 8. Ne2 0-0 9. 0-0 Nc6 10. Be3 Na5 11. Bd3 Bg4 12. f3 cxd4 13. cxd4 Be6 14. d5 Bxa1 15. Qxa1 f6 16. Bh6 Re8 17. Kh1 Bd7 18. e5 Rc8 19. Qd4 a6 20. Nf4 Qc7 21. exf6 Qc5 22. f7+ 1-0

[Event "Marseille op 4th"]
[Site "Marseille"]
[Date "2011.12.26"]
[Round "1"]
[White "Maruejols, Claude"]
[Black "Chazeau, Laineur Lothaire"]
[Result "1-0"]
[WhiteElo "2039"]
[BlackElo "1571"]
[PlyCount "63"]
[EventDate "2011.12.26"]
[EventType "swiss"]
[EventRounds "9"]
[EventCountry "FRA"]
[SourceTitle "CBM 146 Extra"]
[Source "ChessBase"]
[SourceDate "2012.02.29"]
[SourceVersion "1"]
[SourceVersionDate "2012.02.29"]
[SourceQuality "1"]

1. d4 d5 2. c4 e6 3. Nc3 Nf6 4. cxd5 exd5 5. Bg5 Be7 6. e3 0-0 7. Bd3 c6 8. Qc2 h6 9. Bh4 Be6 10. Nge2 Nbd7 11. 0-0 Rc8 12. Rad1 Re8 13. f3 c5 14. Qd2 cxd4 15. Nxd4 a6 16. Bb1 b5 17. Nce2 Qb6 18. Rc1 Qb7 19. Nb3 Ne5 20. Na5 Qb6 21. b3 b4 22. Qd4 Nxf3+ 23. Rxf3 Qxa5 24. Rcf1 Bc5 25. Qd3 Ne4 26. Ng3 Qb5 27. Nxe4 Qxd3 28. Nf6+ gxf6 29. Bxd3 f5 30. Bf6 Bd6 31. Rh3 Kh7 32. Rxf5 1-0

[Event "FRA-ch op-A"]
[Site "Caen"]
[Date "2011.08.16"]
[Round "1"]
[White "Maruejols, Claude"]
[Black "Viennot, Dylan"]
[Result "1/2-1/2"]
[WhiteElo "2035"]
[BlackElo "2150"]
[PlyCount "64"]
[EventDate "2011.08.16"]
[EventType "swiss"]
[EventRounds "11"]
[EventCountry "FRA"]
[SourceTitle "CBM 144 Extra"]
[Source "ChessBase"]
[SourceDate "2011.10.28"]
[SourceVersion "1"]
[SourceVersionDate "2011.10.28"]
[SourceQuality "1"]

1. d4 e6 2. c4 f5 3. g3 Nf6 4. Bg2 d5 5. Nf3 c6 6. 0-0 Bd6 7. Bf4 Bxf4 8. gxf4 0-0 9. Nbd2 Qe7 10. Ne5 b6 11. Qa4 Bb7 12. Rac1 Ne4 13. Ndf3 Rf6 14. Rc2 h6 15. cxd5 exd5 16. Rfc1 g5 17. e3 Kh7 18. Ne1 Rf8 19. N1d3 Rg8 20. Kh1 g4 21. b4 a6 22. Qb3 Ra7 23. a4 Qh4 24. b5 axb5 25. axb5 c5 26. dxc5 bxc5 27. Nxc5 Nxf2+ 28. Rxf2 Qxf2 29. Nxb7 Rxb7 30. Bxd5 Rgg7 31. Rg1 Rbc7 32. Qd3 Qc2 1/2-1/2

[Event "EU-ch 12th"]
[Site "Aix les Bains"]
[Date "2011.03.26"]
[Round "5"]
[White "Schmidt, Max"]
[Black "Maruejols, Claude"]
[Result "1/2-1/2"]
[WhiteElo "1879"]
[BlackElo "2001"]
[PlyCount "56"]
[EventDate "2011.03.22"]
[EventType "swiss"]
[EventRounds "11"]
[EventCountry "FRA"]
[SourceTitle "CBM 142 Extra"]
[Source "ChessBase"]
[SourceDate "2011.06.27"]
[SourceVersion "1"]
[SourceVersionDate "2011.06.27"]
[SourceQuality "1"]

1. e4 c5 2. Nf3 d6 3. d4 cxd4 4. Nxd4 Nf6 5. Nc3 a6 6. h3 e6 7. g4 d5 8. exd5 Nxd5 9. Bd2 Bc5 10. Nb3 Ba7 11. Bg2 Nc6 12. Nxd5 exd5 13. Qe2+ Be6 14. 0-0-0 0-0 15. f4 d4 16. Qe4 Re8 17. Rhe1 Qd7 18. Qd3 f5 19. g5 Bd5 20. Bf3 Bb6 21. c3 Bxf3 22. Qxf3 Rxe1 23. Bxe1 Rd8 24. Bf2 Qe6 25. Nxd4 Qxa2 26. Qe2 Qa1+ 27. Kc2 Qa4+ 28. Kc1 Qa1+ 1/2-1/2